000 00438nam a2200169Ia 4500
005 20250506111539.0
008 231207s9999 xx 000 0 und d
020 _a9780582225473
040 _cPK-LaNCA
082 _aMPH 304.2
_bSIM
100 _aSimmons, I.G.
245 0 _aHumanity and environment : a culture ecology
260 _bLongman
_aEssex
_c1997
300 _axii, 328p
650 _aHuman-Ecology-Culture
942 _cM.PHIL.
999 _c9149
_d9149